000 00532nam a22001697a 4500
003 BT-SaRUSC
005 20260306103950.0
008 260306b |||||||| |||| 00| 0 eng d
020 _a9789993665878
040 _cBT-SaRUSC
086 _2RUB Library information and Services Manual
_aA9.2
100 _aLyonpo Sonam Tobgye
_9201
245 _aThe Constitution of Bhutan:
_bPrinciples and Philosophies /
_cLyonpo Sonam Tobgye
541 _eGD 2340-GD2344
650 _aA9.2 Election Commission of Bhutan
_9202
942 _2ddc
_cGD
999 _c19856
_d19856